| 000 | 00601nam a22001691cc4500 | ||
|---|---|---|---|
| 001 | a987675795+Tom3 | ||
| 035 | _aa987675795 | ||
| 008 | 170707s2010 gw |||| 000u rus d | ||
| 245 | 0 | 0 |
_aNacionalizm v pozdne- i postkommunističeskoj Evrope _nTom 3 _pNacionalizm v nacional'no-territorial'nych obrazovanijach |
| 264 |
_aMoskva : _bROSSPEN, _c2010 |
||
| 300 | _a413 S. | ||
| 246 | 1 | 2 |
_aNacionalizm v pozdne- i postkommunističeskoj Evrope. Nacionalizm v nacional'no-territorial'nych obrazovanijach _nTom 3 |
| 773 | 0 | 8 |
_wa987675795 _qTom3 |
| 942 | _cMG | ||
| 040 | _cRU-10907106 | ||
| 003 | RU-10907106 | ||
| 999 |
_c45488 _d45488 |
||